[Event "Kupreichik Memorial Rapid 2019"]
[Site "Minsk"]
[Date "2019.08.16"]
[Round "6.24"]
[White "Arlou, Valery"]
[Black "Shaban, Alena"]
[Result "0-1"]
[WhiteElo "1759"]
[BlackElo "2030"]
[Annotator "NA"]
[PlyCount "95"]
[EventDate "2019.08.15"]
[EventType "swiss"]
[EventCountry "BLR"]
[SourceTitle "playchess.com"]
[Source "ChessBase"]
[SourceQuality "1"]
[TimeControl "900+10"]

1. d4 {[%emt 0:00:00]} d5 {[%emt 0:00:00]} 2. Nf3 {[%emt 0:00:00]} Nf6 {[%emt 0:00:00]} 3. Bf4 {[%emt 0:00:00]} c5 {[%emt 0:00:02]} 4. e3 {[%emt 0:00:05]} Qb6 {[%emt 0:00:26]} 5. Nbd2 {[%emt 0:00:26]} Nc6 {[%emt 0:02:39]} 6. dxc5 {[%emt 0:00:51]} Qxc5 {[%emt 0:00:04]} 7. Be2 {[%emt 0:00:39]} Bf5 {[%emt 0:00:03]} 8. c3 {[%emt 0:00:40]} e6 {[%emt 0:00:24]} 9. O-O {[%emt 0:00:23]} Be7 {[%emt 0:00:02]} 10. Nd4 {[%emt 0:00:14]} Bg6 {[%emt 0:00:19]} 11. N2f3 {[%emt 0:01:01]} O-O {[%emt 0:00:06]} 12. Ne5 {[%emt 0:01:32]} Nxe5 {[%emt 0:00:19]} 13. Bxe5 {[%emt 0:00:04]} Qb6 {[%emt 0:00:08]} 14. Qb3 {[%emt 0:02:11]} Nd7 {[%emt 0:00:55]} 15. Qxb6 {[%emt 0:00:36]} Nxb6 {[%emt 0:00:02]} 16. Nf3 {[%emt 0:00:58]} Nc4 {[%emt 0:00:25]} 17. Bxc4 {[%emt 0:02:07]} dxc4 {[%emt 0:00:02]} 18. Rfd1 {[%emt 0:00:11]} Rfd8 {[%emt 0:00:14]} 19. Bc7 {[%emt 0:01:07]} Rxd1+ {[%emt 0:03:37]} 20. Rxd1 {[%emt 0:00:03]} f6 {[%emt 0:00:03]} 21. Rd4 {[%emt 0:00:34]} b5 {[%emt 0:00:22]} 22. Rd7 {[%emt 0:00:34]} Bf8 {[%emt 0:00:08]} 23. Bg3 {[%emt 0:00:17]} e5 {[%emt 0:00:19]} 24. Nh4 {[%emt 0:00:33]} Be8 {[%emt 0:00:03]} 25. Rd1 {[%emt 0:00:29]} a5 {[%emt 0:00:11]} 26. f4 {[%emt 0:00:39]} Bh5 {[%emt 0:00:52]} 27. Rd5 {[%emt 0:00:10]} exf4 {[%emt 0:00:26]} 28. exf4 {[%emt 0:00:19]} Be8 {[%emt 0:00:06]} 29. Bf2 {[%emt 0:00:32]} Bc6 {[%emt 0:00:13]} 30. Rd2 {[%emt 0:00:07]} Be4 {[%emt 0:00:29]} 31. Rd4 {[%emt 0:00:16]} Bb1 {[%emt 0:00:39]} 32. a3 {[%emt 0:00:07]} Bd3 {[%emt 0:00:08]} 33. Nf3 {[%emt 0:00:41]} Bg6 {[%emt 0:02:21]} 34. Rd5 {[%emt 0:00:10]} Be8 {[%emt 0:00:01]} 35. Nd4 {[%emt 0:00:24]} b4 {[%emt 0:00:07]} 36. axb4 {[%emt 0:00:50]} axb4 {[%emt 0:00:01]} 37. h3 {[%emt 0:00:22]} bxc3 {[%emt 0:00:13]} 38. bxc3 {[%emt 0:00:01]} Ra1+ {[%emt 0:00:09]} 39. Kh2 {[%emt 0:00:01]} Rc1 {[%emt 0:00:20]} 40. Rd8 {[%emt 0:00:03]} Kf7 {[%emt 0:00:01]} 41. Nf5 {[%emt 0:00:54]} Rxc3 {[%emt 0:00:34]} 42. Nd6+ {[%emt 0:00:23]} Bxd6 43. Rxd6 {[%emt 0:00:01]} Rc2 {[%emt 0:00:11]} 44. Be3 {[%emt 0:00:23]} c3 {[%emt 0:00:33]} 45. Rb6 {[%emt 0:00:17]} Rb2 {[%emt 0:00:10]} 46. Rb7+ Kg6 47. Ra7 Bc6 48. f5+ {[%emt 0:00:00] Kh6 Kg1+ g5 Kf2 Rb1 Rf7 c2 Bc1 Rb6} 0-1

[Event "Kupreichik Memorial Rapid 2019"]
[Site "Minsk"]
[Date "2019.08.16"]
[Round "6.26"]
[White "Mochalov, Evgeny V"]
[Black "Kasperovich, Mikhail"]
[Result "1-0"]
[WhiteElo "2374"]
[BlackElo "1324"]
[Annotator "NA"]
[PlyCount "41"]
[EventDate "2019.08.15"]
[EventType "swiss"]
[EventCountry "BLR"]
[SourceTitle "playchess.com"]
[Source "ChessBase"]
[SourceQuality "1"]
[TimeControl "900+10"]

1. d4 {[%emt 0:00:00]} Nf6 {[%emt 0:00:00]} 2. c4 {[%emt 0:00:00]} d5 {[%emt 0:00:00]} 3. cxd5 {[%emt 0:00:00]} Qxd5 {[%emt 0:00:00]} 4. Nc3 {[%emt 0:00:00]} Qd8 {[%emt 0:00:02]} 5. e4 {[%emt 0:00:01]} e6 {[%emt 0:00:10]} 6. Nf3 {[%emt 0:00:04]} c5 {[%emt 0:00:09]} 7. d5 {[%emt 0:01:05]} exd5 {[%emt 0:02:25]} 8. exd5 {[%emt 0:00:10]} a6 {[%emt 0:00:10]} 9. a4 {[%emt 0:00:21]} Bd6 {[%emt 0:00:44]} 10. Be2 {[%emt 0:02:12]} O-O {[%emt 0:00:10]} 11. O-O {[%emt 0:00:10]} Bf5 {[%emt 0:01:37]} 12. Nd2 {[%emt 0:01:12]} Qc7 {[%emt 0:02:33]} 13. g3 {[%emt 0:00:15]} Nbd7 14. Nc4 Nb6 {[%emt 0:01:27]} 15. Nxd6 {[%emt 0:01:51]} Qd7 {[%emt 0:01:10]} 16. Bf3 {[%emt 0:03:13]} Bg4 {[%emt 0:00:10]} 17. Bxg4 {[%emt 0:00:41]} Nxg4 {[%emt 0:00:29]} 18. Qb3 {[%emt 0:01:56]} Nc8 {[%emt 0:00:53]} 19. Nde4 {[%emt 0:00:30]} c4 {[%emt 0:00:10]} 20. Qxc4 {[%emt 0:00:10]} Nb6 {[%emt 0:00:10]} 21. Qd4 {[%emt 0:00:10]} 1-0

[Event "Kupreichik Memorial Rapid 2019"]
[Site "Minsk"]
[Date "2019.08.16"]
[Round "6.27"]
[White "Strizhnev, Ivan"]
[Black "Rataika, Mikalai"]
[Result "1-0"]
[WhiteElo "1394"]
[BlackElo "1920"]
[Annotator "NA"]
[PlyCount "55"]
[EventDate "2019.08.15"]
[EventType "swiss"]
[EventCountry "BLR"]
[SourceTitle "playchess.com"]
[Source "ChessBase"]
[SourceQuality "1"]
[TimeControl "900+10"]

1. e4 {[%emt 0:00:00]} c5 {[%emt 0:00:00]} 2. Nf3 {[%emt 0:00:00]} e6 {[%emt 0:00:00]} 3. d4 {[%emt 0:00:00]} cxd4 {[%emt 0:00:04]} 4. Nxd4 {[%emt 0:00:02]} Nf6 {[%emt 0:00:03]} 5. Nc3 {[%emt 0:00:01]} Bb4 {[%emt 0:00:03]} 6. e5 {[%emt 0:00:15]} Nd5 {[%emt 0:00:10]} 7. Qg4 {[%emt 0:00:15]} g6 {[%emt 0:00:07]} 8. Bd2 {[%emt 0:00:33]} Nxc3 {[%emt 0:00:19]} 9. bxc3 {[%emt 0:00:16]} Be7 {[%emt 0:00:27]} 10. Bd3 {[%emt 0:00:11]} Nc6 {[%emt 0:00:19]} 11. O-O {[%emt 0:00:18]} Nxe5 {[%emt 0:00:10]} 12. Qg3 {[%emt 0:00:43]} Nc6 {[%emt 0:00:47]} 13. Nb5 {[%emt 0:00:46]} d6 {[%emt 0:00:08]} 14. Bh6 {[%emt 0:00:54]} a6 {[%emt 0:00:12]} 15. Nd4 {[%emt 0:00:01]} Bf6 {[%emt 0:01:45]} 16. Rae1 {[%emt 0:02:58]} Nxd4 {[%emt 0:00:30]} 17. cxd4 {[%emt 0:00:02]} Bxd4 {[%emt 0:00:23]} 18. Kh1 {[%emt 0:00:23]} Bf6 {[%emt 0:01:07]} 19. f4 {[%emt 0:00:19]} Bh4 {[%emt 0:00:45]} 20. Qg4 {[%emt 0:00:39]} Bxe1 {[%emt 0:00:43]} 21. Rxe1 {[%emt 0:00:04]} Qa5 {[%emt 0:00:54]} 22. Qg3 {[%emt 0:01:01]} Bd7 {[%emt 0:00:50]} 23. Bg5 {[%emt 0:00:13]} f5 {[%emt 0:04:10]} 24. Bc4 {[%emt 0:01:06]} d5 {[%emt 0:00:07]} 25. Bxd5 {[%emt 0:00:04]} Qxd5 {[%emt 0:00:03]} 26. Qa3 {[%emt 0:00:01]} Qxg2+ {[%emt 0:03:56]} 27. Kxg2 {[%emt 0:00:02]} Bc6+ {[%emt 0:00:00]} 28. Kg1 {[%emt 0:00:03]} 1-0

[Event "Kupreichik Memorial Rapid 2019"]
[Site "Minsk"]
[Date "2019.08.16"]
[Round "6.28"]
[White "Karlov, Egor"]
[Black "Talma, Sergei"]
[Result "0-1"]
[WhiteElo "1728"]
[BlackElo "1882"]
[Annotator "NA"]
[PlyCount "74"]
[EventDate "2019.08.15"]
[EventType "swiss"]
[EventCountry "BLR"]
[SourceTitle "playchess.com"]
[Source "ChessBase"]
[SourceQuality "1"]
[TimeControl "900+10"]

1. d4 d5 2. c4 {[%emt 0:00:04]} e5 {[%emt 0:00:06]} 3. dxe5 {[%emt 0:01:11]} d4 {[%emt 0:00:02]} 4. Nf3 {[%emt 0:00:11]} Nc6 {[%emt 0:00:03]} 5. e3 {[%emt 0:00:50]} Bb4+ {[%emt 0:00:16]} 6. Bd2 {[%emt 0:00:42]} dxe3 {[%emt 0:00:10]} 7. fxe3 {[%emt 0:01:47]} Bxd2+ {[%emt 0:00:10]} 8. Nbxd2 {[%emt 0:00:05]} Qe7 {[%emt 0:02:03]} 9. Qc2 {[%emt 0:01:54]} Nxe5 {[%emt 0:00:49]} 10. Nxe5 {[%emt 0:00:55]} Qxe5 {[%emt 0:00:02]} 11. O-O-O {[%emt 0:00:06]} Nf6 {[%emt 0:01:21]} 12. Kb1 {[%emt 0:01:16]} Bf5 {[%emt 0:04:08]} 13. Bd3 {[%emt 0:00:46]} Bxd3 {[%emt 0:00:24]} 14. Qxd3 {[%emt 0:00:18]} Rd8 {[%emt 0:00:40]} 15. Qb3 {[%emt 0:00:50]} O-O {[%emt 0:00:03]} 16. Nf3 {[%emt 0:00:53]} Qe4+ {[%emt 0:00:30]} 17. Ka1 {[%emt 0:00:02]} c5 {[%emt 0:01:10]} 18. a3 {[%emt 0:00:42]} h6 {[%emt 0:00:23]} 19. h3 {[%emt 0:01:24]} Rfe8 {[%emt 0:00:24]} 20. Ka2 {[%emt 0:02:17]} Qc6 {[%emt 0:00:45]} 21. Rxd8 {[%emt 0:00:17]} Rxd8 {[%emt 0:00:01]} 22. Rd1 {[%emt 0:00:01]} Re8 {[%emt 0:00:21]} 23. Qd3 {[%emt 0:00:28]} Qe6 {[%emt 0:00:51]} 24. Re1 {[%emt 0:00:26]} b5 {[%emt 0:01:20]} 25. Nd2 {[%emt 0:00:24]} a5 {[%emt 0:01:47]} 26. Kb1 {[%emt 0:00:47]} b4 {[%emt 0:00:01]} 27. axb4 {[%emt 0:00:03]} axb4 {[%emt 0:00:03]} 28. Nb3 {[%emt 0:00:01]} Ne4 {[%emt 0:00:25]} 29. Re2 {[%emt 0:00:46]} Qe5 {[%emt 0:00:30]} 30. Kc2 {[%emt 0:00:15]} Ng3 {[%emt 0:00:27]} 31. Re1 {[%emt 0:00:05]} Nf5 {[%emt 0:00:14]} 32. e4 {[%emt 0:00:14]} Nd4+ {[%emt 0:00:23]} 33. Nxd4 {[%emt 0:00:10]} cxd4 {[%emt 0:00:01]} 34. Kb3 {[%emt 0:00:15]} f5 {[%emt 0:00:06]} 35. Kxb4 {[%emt 0:00:13]} fxe4 {[%emt 0:00:03]} 36. Qd2 {[%emt 0:00:06]} e3 {[%emt 0:00:32]} 37. Qe2 {[%emt 0:00:11]} Rb8+ {[%emt 0:00:09]} 0-1

[Event "Kupreichik Memorial Rapid 2019"]
[Site "Minsk"]
[Date "2019.08.16"]
[Round "6.29"]
[White "Yasiukovich, Sergei"]
[Black "Masjuk, Vladimir"]
[Result "0-1"]
[WhiteElo "1529"]
[BlackElo "1900"]
[Annotator "NA"]
[PlyCount "80"]
[EventDate "2019.08.15"]
[EventType "swiss"]
[EventCountry "BLR"]
[SourceTitle "playchess.com"]
[Source "ChessBase"]
[SourceQuality "1"]
[TimeControl "900+10"]

1. d4 {[%emt 0:00:00]} d6 {[%emt 0:00:00]} 2. e4 {[%emt 0:00:00]} Nc6 {[%emt 0:00:00]} 3. c3 {[%emt 0:00:00]} e5 {[%emt 0:00:00]} 4. d5 {[%emt 0:00:40]} Nce7 {[%emt 0:00:03]} 5. Bb5+ {[%emt 0:00:50]} c6 {[%emt 0:00:13]} 6. dxc6 {[%emt 0:00:05]} bxc6 {[%emt 0:00:01]} 7. Ba4 {[%emt 0:00:20]} Qc7 {[%emt 0:00:11]} 8. Ne2 {[%emt 0:00:06]} Nf6 {[%emt 0:00:21]} 9. Nd2 {[%emt 0:00:04]} Ng6 {[%emt 0:00:07]} 10. O-O {[%emt 0:00:08]} Be7 {[%emt 0:00:06]} 11. c4 {[%emt 0:00:44]} O-O {[%emt 0:00:07]} 12. Bc2 {[%emt 0:00:29]} Bg4 {[%emt 0:00:11]} 13. f3 {[%emt 0:02:07]} Be6 {[%emt 0:00:11]} 14. Re1 {[%emt 0:00:28]} Qb6+ {[%emt 0:00:58]} 15. Kh1 {[%emt 0:00:11]} Nh5 {[%emt 0:00:13]} 16. b3 {[%emt 0:00:19]} Bh4 {[%emt 0:01:31]} 17. g3 {[%emt 0:00:48]} Be7 {[%emt 0:00:17]} 18. Nf1 {[%emt 0:00:14]} Rad8 {[%emt 0:00:36]} 19. Be3 {[%emt 0:00:25]} Qb7 {[%emt 0:00:06]} 20. Nc3 {[%emt 0:04:10]} Nf6 {[%emt 0:01:09]} 21. Nd2 {[%emt 0:02:54]} d5 {[%emt 0:00:07]} 22. cxd5 {[%emt 0:00:14]} cxd5 {[%emt 0:00:02]} 23. exd5 {[%emt 0:00:01]} Nxd5 {[%emt 0:00:19]} 24. Nxd5 {[%emt 0:00:05]} Bxd5 {[%emt 0:00:07]} 25. Qe2 {[%emt 0:00:03]} Bb4 {[%emt 0:00:21]} 26. Rf1 {[%emt 0:00:20]} f5 {[%emt 0:00:13]} 27. Bg5 {[%emt 0:00:36]} Rd7 {[%emt 0:01:04]} 28. Nc4 {[%emt 0:00:58]} e4 {[%emt 0:00:41]} 29. fxe4 {[%emt 0:00:07]} fxe4 {[%emt 0:00:08]} 30. Rxf8+ {[%emt 0:00:03]} Bxf8 {[%emt 0:00:09]} 31. Ne3 {[%emt 0:00:13]} Be6 {[%emt 0:00:29]} 32. Rd1 {[%emt 0:00:06]} Rxd1+ {[%emt 0:00:12]} 33. Qxd1 {[%emt 0:00:03]} h6 {[%emt 0:00:16]} 34. Bf4 {[%emt 0:00:19]} Nxf4 {[%emt 0:00:11]} 35. gxf4 {[%emt 0:00:01]} Qb6 {[%emt 0:02:17]} 36. Qe2 {[%emt 0:01:09]} Qd4 {[%emt 0:00:27]} 37. f5 {[%emt 0:00:46]} Bf7 {[%emt 0:00:18]} 38. Kg2 {[%emt 0:00:08]} Bc5 {[%emt 0:00:44]} 39. Ng4 {[%emt 0:00:55]} Bd5 {[%emt 0:01:21]} 40. Kh3 {[%emt 0:00:09]} h5 {[%emt 0:00:22]} 0-1

[Event "Kupreichik Memorial Rapid 2019"]
[Site "Minsk"]
[Date "2019.08.16"]
[Round "6.31"]
[White "Sadovnikov, Konstantin"]
[Black "Stsepkina, Yauheniya"]
[Result "1-0"]
[WhiteElo "1798"]
[BlackElo "1537"]
[Annotator "NA"]
[PlyCount "71"]
[EventDate "2019.08.15"]
[EventType "swiss"]
[EventCountry "BLR"]
[SourceTitle "playchess.com"]
[Source "ChessBase"]
[SourceQuality "1"]
[TimeControl "900+10"]

1. e4 {[%emt 0:00:00]} c5 {[%emt 0:00:00]} 2. Nc3 {[%emt 0:00:00]} Nc6 {[%emt 0:00:00]} 3. f4 {[%emt 0:00:00]} g6 {[%emt 0:00:00]} 4. Nf3 {[%emt 0:00:00]} Bg7 {[%emt 0:00:00]} 5. d3 {[%emt 0:00:00]} d6 {[%emt 0:00:03]} 6. g3 {[%emt 0:00:00]} e6 {[%emt 0:00:01]} 7. Bg2 {[%emt 0:00:00]} Nge7 {[%emt 0:00:01]} 8. O-O {[%emt 0:00:00]} O-O {[%emt 0:00:02]} 9. Be3 {[%emt 0:00:00]} Nd4 {[%emt 0:00:16]} 10. Qd2 {[%emt 0:00:04]} d5 {[%emt 0:00:44]} 11. Nd1 {[%emt 0:01:09]} b6 {[%emt 0:03:07]} 12. e5 {[%emt 0:04:43]} Nxf3+ {[%emt 0:01:28]} 13. Bxf3 {[%emt 0:00:02]} Bb7 {[%emt 0:00:05]} 14. c3 {[%emt 0:01:54]} Qd7 {[%emt 0:03:35]} 15. Bf2 {[%emt 0:02:22]} Nc6 {[%emt 0:00:44]} 16. Ne3 {[%emt 0:00:22]} Rfd8 {[%emt 0:00:41]} 17. Ng4 {[%emt 0:00:24]} Qe7 {[%emt 0:00:24]} 18. h3 {[%emt 0:01:00]} Rab8 {[%emt 0:02:12]} 19. Rac1 {[%emt 0:01:13]} h5 {[%emt 0:01:23]} 20. Nh2 {[%emt 0:00:01]} Bh6 {[%emt 0:00:11]} 21. Qe2 {[%emt 0:00:38]} Rbc8 {[%emt 0:01:11]} 22. Rfd1 {[%emt 0:01:02]} Qc7 {[%emt 0:00:41]} 23. Be3 {[%emt 0:00:50]} d4 {[%emt 0:00:11]} 24. Bf2 {[%emt 0:01:07]} Ba8 {[%emt 0:00:47]} 25. Be4 {[%emt 0:00:23]} Qd7 {[%emt 0:00:56]} 26. Qf3 {[%emt 0:00:14]} Ne7 {[%emt 0:00:21]} 27. c4 {[%emt 0:00:39]} Bxe4 {[%emt 0:00:09]} 28. dxe4 {[%emt 0:00:13]} Nc6 {[%emt 0:00:07]} 29. g4 {[%emt 0:00:08]} hxg4 {[%emt 0:00:16]} 30. Nxg4 {[%emt 0:00:14]} Bg7 {[%emt 0:00:02]} 31. Bh4 {[%emt 0:00:12]} Re8 {[%emt 0:00:19]} 32. Qg3 {[%emt 0:00:56]} Ne7 {[%emt 0:00:09]} 33. Nf6+ {[%emt 0:00:14]} Bxf6 {[%emt 0:00:03]} 34. Bxf6 {[%emt 0:00:11]} Nf5 {[%emt 0:00:17]} 35. exf5 {[%emt 0:00:07]} exf5 {[%emt 0:00:05]} 36. Qh4 {[%emt 0:00:02]} 1-0

[Event "Kupreichik Memorial Rapid 2019"]
[Site "Minsk"]
[Date "2019.08.16"]
[Round "6.32"]
[White "Tkachou, Viktar"]
[Black "Nikolaev, Dmitry"]
[Result "1-0"]
[WhiteElo "1791"]
[BlackElo "1677"]
[Annotator "NA"]
[PlyCount "83"]
[EventDate "2019.08.15"]
[EventType "swiss"]
[EventCountry "BLR"]
[SourceTitle "playchess.com"]
[Source "ChessBase"]
[SourceQuality "1"]
[TimeControl "900+10"]

1. Nf3 {[%emt 0:00:00]} Nf6 {[%emt 0:00:00]} 2. c4 {[%emt 0:00:00]} g6 {[%emt 0:00:00]} 3. b3 {[%emt 0:00:00]} Bg7 {[%emt 0:00:00]} 4. Bb2 {[%emt 0:00:00]} O-O {[%emt 0:00:00]} 5. e3 {[%emt 0:00:00]} d6 {[%emt 0:00:04]} 6. d4 {[%emt 0:00:03]} Nc6 {[%emt 0:00:24]} 7. Be2 {[%emt 0:00:04]} Bf5 {[%emt 0:00:58]} 8. O-O {[%emt 0:00:09]} Re8 {[%emt 0:00:41]} 9. a3 {[%emt 0:00:44]} Nd7 {[%emt 0:00:47]} 10. Nbd2 {[%emt 0:00:17]} e5 {[%emt 0:00:46]} 11. d5 {[%emt 0:01:28]} Ne7 {[%emt 0:00:13]} 12. Nh4 {[%emt 0:01:43]} g5 {[%emt 0:02:59]} 13. Nxf5 {[%emt 0:00:35]} Nxf5 {[%emt 0:00:02]} 14. Ne4 {[%emt 0:01:08]} Nh6 {[%emt 0:00:14]} 15. Bh5 {[%emt 0:00:38]} Rf8 {[%emt 0:00:09]} 16. g4 {[%emt 0:01:02]} f5 {[%emt 0:02:36]} 17. gxf5 {[%emt 0:00:18]} Rxf5 {[%emt 0:00:37]} 18. Ng3 {[%emt 0:00:34]} Rf8 {[%emt 0:00:09]} 19. e4 {[%emt 0:02:57]} Nf6 {[%emt 0:03:26]} 20. Bf3 {[%emt 0:00:55]} Qd7 {[%emt 0:01:13]} 21. Bc1 {[%emt 0:00:58]} g4 {[%emt 0:00:02]} 22. Bg2 {[%emt 0:00:04]} Kh8 {[%emt 0:00:01]} 23. Qe2 {[%emt 0:00:41]} Rf7 {[%emt 0:01:06]} 24. Be3 {[%emt 0:00:44]} Raf8 {[%emt 0:00:11]} 25. Bxh6 {[%emt 0:00:51]} Bxh6 {[%emt 0:00:01]} 26. Nf5 {[%emt 0:00:01]} Bg7 {[%emt 0:00:23]} 27. Kh1 {[%emt 0:00:15]} Ng8 {[%emt 0:00:52]} 28. Qxg4 {[%emt 0:00:57]} Ne7 {[%emt 0:00:01]} 29. Bh3 {[%emt 0:00:25]} Nxf5 {[%emt 0:00:38]} 30. exf5 {[%emt 0:00:03]} Rxf5 {[%emt 0:00:40]} 31. Qe4 {[%emt 0:00:46]} Rf4 {[%emt 0:00:40]} 32. Qxf4 {[%emt 0:00:14]} Qxh3 {[%emt 0:00:02]} 33. Qg3 {[%emt 0:00:03]} Qf5 {[%emt 0:00:10]} 34. Rae1 {[%emt 0:00:55]} Bh6 {[%emt 0:00:17]} 35. f3 {[%emt 0:00:31]} Bf4 {[%emt 0:00:06]} 36. Qf2 {[%emt 0:00:09]} Rf6 {[%emt 0:00:10]} 37. Rg1 {[%emt 0:00:04]} Rh6 {[%emt 0:00:02]} 38. Rg2 {[%emt 0:00:06]} Qf7 {[%emt 0:00:26]} 39. Reg1 {[%emt 0:00:11]} Rh3 {[%emt 0:00:03]} 40. Rg8+ {[%emt 0:00:24]} Qxg8 {[%emt 0:00:02]} 41. Rxg8+ {[%emt 0:00:01]} Kxg8 {[%emt 0:00:01]} 42. Qg2+ {[%emt 0:00:01]} 1-0

[Event "Kupreichik Memorial Rapid 2019"]
[Site "Minsk"]
[Date "2019.08.16"]
[Round "6.33"]
[White "Zvereva, Margarita"]
[Black "Pogorelov, Aleksey"]
[Result "1-0"]
[WhiteElo "1678"]
[BlackElo "1548"]
[Annotator "NA"]
[PlyCount "85"]
[EventDate "2019.08.15"]
[EventType "swiss"]
[EventCountry "BLR"]
[SourceTitle "playchess.com"]
[Source "ChessBase"]
[SourceQuality "1"]
[TimeControl "900+10"]

1. d4 {[%emt 0:00:00]} d5 {[%emt 0:00:00]} 2. Nf3 {[%emt 0:00:00]} Nf6 {[%emt 0:00:00]} 3. e3 {[%emt 0:00:00]} Bf5 {[%emt 0:00:00]} 4. Bd3 {[%emt 0:00:00]} Bg6 {[%emt 0:00:02]} 5. O-O {[%emt 0:00:11]} Nc6 {[%emt 0:00:05]} 6. a3 {[%emt 0:00:08]} e6 {[%emt 0:00:06]} 7. c4 {[%emt 0:00:45]} dxc4 {[%emt 0:00:51]} 8. Bxc4 {[%emt 0:00:08]} Bd6 {[%emt 0:00:04]} 9. Nc3 {[%emt 0:00:41]} O-O {[%emt 0:00:09]} 10. Re1 {[%emt 0:01:02]} Ne4 {[%emt 0:00:26]} 11. Bd3 {[%emt 0:00:50]} Nxc3 {[%emt 0:00:36]} 12. bxc3 {[%emt 0:00:02]} Bxd3 {[%emt 0:00:28]} 13. Qxd3 {[%emt 0:00:02]} Ne7 {[%emt 0:00:32]} 14. e4 {[%emt 0:01:13]} c5 {[%emt 0:01:28]} 15. e5 {[%emt 0:03:32]} Bc7 {[%emt 0:00:16]} 16. Ng5 {[%emt 0:03:53]} Ng6 {[%emt 0:00:30]} 17. h4 {[%emt 0:01:19]} h6 {[%emt 0:01:42]} 18. h5 {[%emt 0:02:48]} hxg5 {[%emt 0:00:07]} 19. hxg6 {[%emt 0:00:02]} Qe7 {[%emt 0:01:00]} 20. dxc5 {[%emt 0:01:04]} Rad8 {[%emt 0:00:06]} 21. Qg3 {[%emt 0:00:24]} Qxc5 {[%emt 0:00:47]} 22. Bxg5 {[%emt 0:00:03]} Rd5 {[%emt 0:00:18]} 23. Qh3 {[%emt 0:00:25]} fxg6 {[%emt 0:00:45]} 24. Qxe6+ {[%emt 0:00:02]} Kh7 {[%emt 0:00:02]} 25. Re3 {[%emt 0:00:17]} Qxe3 {[%emt 0:05:21]} 26. Bxe3 {[%emt 0:00:02]} Rxe5 {[%emt 0:00:01]} 27. Qd7 {[%emt 0:00:05]} Bb6 {[%emt 0:00:35]} 28. Bxb6 {[%emt 0:00:04]} axb6 {[%emt 0:00:07]} 29. Qxb7 {[%emt 0:00:08]} Rb5 {[%emt 0:00:17]} 30. a4 {[%emt 0:00:23]} Rb2 {[%emt 0:00:15]} 31. Rf1 {[%emt 0:00:11]} Rf5 {[%emt 0:00:32]} 32. Qc6 {[%emt 0:00:13]} Rc5 {[%emt 0:00:30]} 33. Qf3 {[%emt 0:00:03]} Ra5 {[%emt 0:00:41]} 34. Qh3+ {[%emt 0:00:07]} Rh5 {[%emt 0:00:08]} 35. Qg4 {[%emt 0:00:08]} Rb3 {[%emt 0:00:31]} 36. Qc4 {[%emt 0:00:08]} Rb2 {[%emt 0:00:23]} 37. g3 {[%emt 0:00:04]} Rd2 {[%emt 0:00:09]} 38. Kg2 {[%emt 0:00:09]} Rf5 {[%emt 0:00:37]} 39. Rh1+ {[%emt 0:00:10]} Rh5 {[%emt 0:00:00]} 40. Rxh5+ {[%emt 0:00:06]} gxh5 {[%emt 0:00:01]} 41. Qb4 {[%emt 0:00:08]} g6 {[%emt 0:00:22]} 42. Qxb6 {[%emt 0:00:03]} Ra2 {[%emt 0:00:08]} 43. a5 {[%emt 0:00:04]} 1-0

[Event "Kupreichik Memorial Rapid 2019"]
[Site "Minsk"]
[Date "2019.08.16"]
[Round "6.34"]
[White "Shaban, Aliaksandra"]
[Black "Shakhadanau, Henadzi"]
[Result "1/2-1/2"]
[WhiteElo "1734"]
[BlackElo "1868"]
[Annotator "NA"]
[PlyCount "72"]
[EventDate "2019.08.15"]
[EventType "swiss"]
[EventCountry "BLR"]
[SourceTitle "playchess.com"]
[Source "ChessBase"]
[SourceQuality "1"]
[TimeControl "900+10"]

1. e4 {[%emt 0:00:00]} c6 {[%emt 0:00:00]} 2. d4 {[%emt 0:00:00]} d5 {[%emt 0:00:00]} 3. Nd2 {[%emt 0:00:00]} dxe4 {[%emt 0:00:00]} 4. Nxe4 {[%emt 0:00:00]} Bf5 {[%emt 0:00:00]} 5. Ng3 {[%emt 0:00:00]} Bg6 {[%emt 0:00:00]} 6. h4 {[%emt 0:00:00]} h6 {[%emt 0:00:00]} 7. Nf3 {[%emt 0:00:01]} Nd7 {[%emt 0:00:00]} 8. h5 {[%emt 0:00:02]} Bh7 {[%emt 0:00:00]} 9. Bd3 {[%emt 0:00:01]} Bxd3 {[%emt 0:00:00]} 10. Qxd3 {[%emt 0:00:01]} Ngf6 {[%emt 0:00:02]} 11. c3 {[%emt 0:00:03]} Qc7 {[%emt 0:00:07]} 12. Bd2 {[%emt 0:00:27]} e6 {[%emt 0:00:02]} 13. O-O-O {[%emt 0:00:08]} c5 {[%emt 0:00:55]} 14. Ne4 {[%emt 0:00:31]} c4 {[%emt 0:00:26]} 15. Nxf6+ {[%emt 0:00:05]} Nxf6 {[%emt 0:00:05]} 16. Qe2 {[%emt 0:00:01]} Bd6 {[%emt 0:00:29]} 17. g3 {[%emt 0:00:08]} Nd5 {[%emt 0:00:18]} 18. Kb1 {[%emt 0:00:17]} b5 {[%emt 0:00:27]} 19. Rc1 {[%emt 0:00:44]} a5 {[%emt 0:01:41]} 20. Nh4 {[%emt 0:01:30]} O-O {[%emt 0:01:25]} 21. Ng2 {[%emt 0:01:06]} Rfc8 {[%emt 0:00:18]} 22. g4 {[%emt 0:01:08]} b4 {[%emt 0:00:26]} 23. Rh3 {[%emt 0:00:52]} Rab8 {[%emt 0:01:00]} 24. Rg1 {[%emt 0:03:28]} Rb7 {[%emt 0:00:28]} 25. Rc1 {[%emt 0:01:16]} Qc6 {[%emt 0:02:52]} 26. Rf3 {[%emt 0:04:14]} b3 {[%emt 0:01:54]} 27. a3 {[%emt 0:00:11]} Qa4 {[%emt 0:00:02]} 28. Rd1 {[%emt 0:00:50]} Bxa3 {[%emt 0:00:36]} 29. bxa3 {[%emt 0:00:06]} b2 {[%emt 0:00:02]} 30. Ne1 {[%emt 0:00:56]} Qxa3 {[%emt 0:00:10]} 31. Nc2 {[%emt 0:00:02]} Qb3 {[%emt 0:02:42]} 32. Rh3 {[%emt 0:00:27]} a4 {[%emt 0:00:09]} 33. Rhh1 {[%emt 0:00:10]} a3 {[%emt 0:00:02]} 34. Nxa3 {[%emt 0:00:04]} Qxa3 {[%emt 0:00:02]} 35. Qe1 {[%emt 0:00:54]} Ra8 {[%emt 0:00:34]} 36. Be3 {[%emt 0:00:55]} Qb3 {[%emt 0:00:11]} 1/2-1/2